Niceto Alcalá Zamora (Record no. 121738)

MARC details
000 -LEADER
campo de control de longitud fija 00669nam a2200205 i 4500
001 - NÚMERO DE CONTROL
campo de control 121738
003 - IDENTIFICADOR DE NÚMERO DE CONTROL
campo de control ES-MaACL
005 - FECHA Y HORA DE LA ÚLTIMA TRANSACCIÓN
campo de control 20231221152503.0
007 - CAMPO FIJO DE DESCRIPCIÓN FÍSICA--INFORMACIÓN GENERAL
campo de control de longitud fija t|
008 - DATOS DE LONGITUD FIJA--INFORMACIÓN GENERAL
campo de control de longitud fija 070214s1932 sp r ||||1| spa d
100 1# - ENTRADA PRINCIPAL--NOMBRE DE PERSONA
Nombre de persona Portillo, Eduardo M. del.
9 (RLIN) 93251
245 10 - MENCIÓN DEL TÍTULO
Título Niceto Alcalá Zamora
Resto del título : vida íntima y política de un jefe de estado /
Mención de responsabilidad, etc. Eduardo M. del Portillo, Carlos Primelles.
260 ## - PUBLICACIÓN, DISTRIBUCIÓN, ETC.
Lugar de publicación, distribución, etc. Madrid :
Nombre del editor, distribuidor, etc. Biblioteca Nueva,
Fecha de publicación, distribución, etc. 1932.
300 ## - DESCRIPCIÓN FÍSICA
Extensión 202 p., 6 lám. ;
Dimensiones 19 cm.
700 1# - ENTRADA AGREGADA--NOMBRE PERSONAL
Nombre de persona Primelles, Carlos.
9 (RLIN) 93967
700 1# - ENTRADA AGREGADA--NOMBRE PERSONAL
Nombre de persona Alcalá Zamora, Niceto,
Fechas asociadas al nombre 1877-1949
9 (RLIN) 19473
852 ## - LOCALIZACIÓN
Ubicación ES-MaACL
Número de control de estantería A-927
852 ## - LOCALIZACIÓN
Ubicación ES-MaACL
Número de control de estantería A-791
Holdings
Estatus retirado Estado de pérdida Fuente del sistema de clasificación o colocación Estado de daño No para préstamo Biblioteca de origen Biblioteca actual Ubicación en estantería Fecha de adquisición Total de préstamos Signatura topográfica completa Código de barras Visto por última vez Precio de reemplazo Tipo de ítem Koha Fuente de adquisición
    Clasificación decimal universal     Biblioteca del Ateneo de Madrid Biblioteca del Ateneo de Madrid Sala Pecera Planta 1 17/01/2008   A-791 1126864 23/02/2023 23/02/2023 Libro impreso  
          Biblioteca del Ateneo de Madrid Biblioteca del Ateneo de Madrid Sala Pecera Planta 1 17/01/2008   A-927 1126863 23/02/2023 23/02/2023 Libro impreso